| 000 | 00504cam a22002054a 4500 | ||
|---|---|---|---|
| 005 | 20250605164319.0 | ||
| 008 | 250528s ||||||||||||||||||||||||d | ||
| 035 | _a22810 | ||
| 020 | _a9780132690850 | ||
| 040 |
_aGR-AtMCL _bgre _dGR-AtMCL _eAACR2 |
||
| 245 | 1 | _aINTRODUCTION TO MARKETING COMMUNICATIONS | |
| 250 | _a1 | ||
| 260 |
_bPrentice Hall, _c1998 |
||
| 300 | _a659 | ||
| 700 | 1 |
_aBurnett John _91391 |
|
| 700 | 1 |
_aMoriarty Sandra _91392 |
|
| 942 | _cBK | ||
| 999 |
_c7855 _d7855 |
||